| 000 | 01505nam0a22003011 4500 | ||
|---|---|---|---|
| 001 | v19\rc\1529190 | ||
| 005 | 20070412171248.9 | ||
| 035 | _a(NLR Aleph) 005215020 | ||
| 090 |
_a5448123 _c5448123 |
||
| 100 | _a20060620d1887 |||y0rusy50 ca | ||
| 101 | 0 | _arus | |
| 102 | _aRU | ||
| 105 | _ah z ||||| | ||
| 200 | 1 |
_aЖитие преподобного Власия мниха _eПамятник словено-болг. письменности 9 в. из рукоп. Четьи-минеи 15 в. (бывшей Троиц.) _fСообщ. и [снабдил предисл.] архим. Леонид _gО-[во] л[юбителей] д[ревней] п[исьменности] |
|
| 210 |
_aСанкт-Петербург _cтип. Имп. Акад. наук _d1887 |
||
| 215 |
_aVIII, 22 с., 1 л. факс. _d27 |
||
| 225 | 1 |
_aПамятники древней письменности и искусства _v65 |
|
| 300 | _aНа обл. только загл. сер. | ||
| 702 | 0 |
_aВласий _cмних _f9 в. _4570 |
|
| 702 | 0 |
_6z01790 _aЛеонид _cКавелин, Лев Александрович, архимандрит _f1822-1891 _3RU\NLR\AUTH\7712175 _4080 _4570 _7ca |
|
| 790 | 1 |
_6z01702 _aКавелин _bЛ. А. _f1822-1891 _gЛев Александрович |
|
| 801 | 0 |
_aRU _bNLR _c20060620 _gpsbo |
|
| 801 | 0 |
_aRU _bRuMoRGB _c20060620 _2psbo |
|
| 801 | 1 |
_aRU _bProSoft-M _c20060620 _2rusmarc |
|
| 801 | 2 |
_aRU _bNLR _c20070412 _2rusmarc |
|
| 852 |
_aNLR _j18.345.1.1(65) |
||
| 942 | _cBOOK | ||
| 980 | _aNB | ||